Riešenie problematiky skladov odbytu v nadväznosti na rekonštrukciu výrobných prevádzok Závodu 08 v ZTS, k.p. Martin záverečná práca postgraduálneho štúdia

Gespeichert in:
Bibliographische Detailangaben
1. Verfasser: Pouš, Anton
Körperschaft: Vysoká škola ekonomická v Bratislave
Weitere Verfasser: Körmendy, Viliam
Format: Buch
Sprache:Slowakisch
Veröffentlicht: Bratislava 1990
Tags: Tag hinzufügen
Keine Tags, Fügen Sie das erste Tag hinzu!

MARC

LEADER 00000nam a2200000 4500
001 c030649
005 20221215071411.7
041 0 |a slo 
044 |a SK 
245 1 0 |a Riešenie problematiky skladov odbytu v nadväznosti na rekonštrukciu výrobných prevádzok Závodu 08 v ZTS, k.p. Martin  |b záverečná práca postgraduálneho štúdia  |c Anton Pouš ; Ved. práce Viliam Körmendy 
264 1 |a Bratislava  |c 1990 
300 |a 39 s. 
100 1 |a Pouš, Anton 
700 1 |a Körmendy, Viliam 
710 2 |a Vysoká škola ekonomická v Bratislave